Normal view
MARC view
Entry Personal Name
001 - CONTROL NUMBER
- control field: 550072
003 - CONTROL NUMBER IDENTIFIER
- control field: OSt
005 - DATE AND TIME OF LATEST TRANSACTION
- control field: 20220930092917.0
008 - FIXED-LENGTH DATA ELEMENTS
- fixed length control field: 220930|| aca||aabn | a|a d
040 ## - CATALOGING SOURCE
- Original cataloging agency: OSt
- Transcribing agency: OSt
100 ## - HEADING--PERSONAL NAME
- Personal name: Dr. Janardan Sahu Gu
670 ## - SOURCE DATA FOUND
- Source citation: Work cat.: (OSt)884496: Anil Kumar, Sino - Indian relations (1998-2010) , 2014
